| Tag |
First Indicator |
Second Indicator |
Subfields |
| LEADER |
00000cam a2200000 i 4500 |
| 001 |
in00002782921 |
| 005 |
20150922150439.0 |
| 008 |
120802s2012 scuab b 001 0deng |
| 010 |
|
|
|a 2012031183
|
| 020 |
|
|
|a 9781609496241 (pbk.)
|
| 020 |
|
|
|a 1609496248 (pbk.)
|
| 035 |
|
|
|a (OCoLC)ocn800031979
|
| 040 |
|
|
|a DLC
|e rda
|c DLC
|d UtOrBLW
|
| 043 |
|
|
|a n-us-sc
|
| 049 |
|
|
|a TXAM
|
| 050 |
0 |
0 |
|a F279.C47
|b H36 2012
|
| 082 |
0 |
0 |
|a 975.7/915
|2 23
|
| 100 |
1 |
|
|a Eberle, Kevin.
|
| 245 |
1 |
2 |
|a A history of Charleston's Hampton Park /
|c Kevin Eberle.
|
| 264 |
|
1 |
|a Charleston, S.C. :
|b History Press,
|c 2012.
|
| 300 |
|
|
|a 126 pages :
|b illustrations, map ;
|c 23 cm.
|
| 336 |
|
|
|a text
|b txt
|2 rdacontent
|
| 337 |
|
|
|a unmediated
|b n
|2 rdamedia
|
| 338 |
|
|
|a volume
|b nc
|2 rdacarrier
|
| 504 |
|
|
|a Includes bibliographical references and index.
|
| 505 |
0 |
|
|a Native Americans and the Pre-Colonial Era -- The Colonial Era -- The Revolutionary War -- The Washington Race Course -- The Civil War and the First Memorial Day -- After the War -- The South Carolina, Interstate and West Indian Exposition -- Birth of a Park -- The Citadel -- Decline and Rebirth.
|
| 651 |
|
0 |
|a Hampton Park (Charleston, S.C.)
|x History.
|
| 651 |
|
0 |
|a Charleston (S.C.)
|x History.
|
| 651 |
|
0 |
|a Charleston (S.C.)
|x Buildings, structures, etc.
|
| 651 |
|
0 |
|a Charleston (S.C.)
|x Social life and customs.
|
| 945 |
|
|
|a PromptCat
|
| 946 |
|
|
|a stk
|
| 947 |
|
|
|a A14835930300
|
| 948 |
|
|
|a cataloged
|b h
|c 2012/11/30
|d c
|e dmitchel
|f 2:00:00 pm
|
| 994 |
|
|
|a 92
|b TXA
|
| 999 |
|
|
|a MARS
|
| 999 |
f |
f |
|s 97fa337b-f083-3a05-bb43-dafbd362f88d
|i ce019272-9571-3ea2-91ae-d3276b0eb360
|t 0
|
| 952 |
f |
f |
|p ric
|a Texas A&M University
|b Rellis Campus
|c Joint Library Facility
|d Remote Storage
|t 0
|e F279.C47 H36 2012
|h Library of Congress classification
|i unmediated -- volume
|m A14835930300
|
| 998 |
f |
f |
|a F279.C47 H36 2012
|t 0
|l Remote Storage
|